La belleza ideal
Αποθηκεύτηκε σε:
| Κύριος συγγραφέας: | |
|---|---|
| Μορφή: | Βιβλίο |
| Γλώσσα: | Ισπανικά |
| Έκδοση: |
Madrid
Espasa Calpe
1943
|
| Σειρά: | Clásicos castellanos, 122
|
| Θέματα: | |
| Ετικέτες: |
Προσθήκη ετικέτας
Δεν υπάρχουν, Καταχωρήστε ετικέτα πρώτοι!
|
MARC
| LEADER | 00000nam a2200000 a 4500 | ||
|---|---|---|---|
| 001 | UCX4525 | ||
| 003 | CL-VaPUC | ||
| 008 | 920605e19430000SP |||||||||||||||||spa|d | ||
| 082 | 0 | 4 | |a 864 |b ART |2 21 |
| 100 | 0 | |a Arteaga, Esteban de |e author |9 320706 | |
| 245 | 1 | 3 | |a La belleza ideal |
| 300 | |a 172 p | ||
| 942 | |c BK | ||
| 945 | |d 19920605 00:00:00 | ||
| 260 | |a Madrid |b Espasa Calpe |c 1943 | ||
| 650 | 0 | |a Ensayos españoles |9 313128 | |
| 650 | 0 | |a Estética |9 264950 | |
| 583 | |a last modification |c 19920605 00:00:00 |k Rodrigo Vera | ||
| 490 | 0 | |a Clásicos castellanos, 122 | |
| 999 | |c 224962 |d 224960 | ||
| 952 | |0 0 |1 0 |4 0 |6 864_000000000000000_ART_1943 |7 0 |8 A |9 222080 |a FDOPOS |b FDOPOS |d 2019-11-15 |i 2909243 |o 864 ART 1943 |p 2909243 |r 2025-01-22 |w 2019-11-15 |y BK |k MLH | ||